| 000 | 00889nam a22002177a 4500 | ||
|---|---|---|---|
| 999 |
_c8973 _d8973 |
||
| 003 | AR-CdUCM | ||
| 008 | 190327b ||||| |||| 00| 0 spa d | ||
| 020 | _a9280601997 | ||
| 040 |
_aMUNICIPALIDAD PROVINCIAL DEL CUSCO _cBIBLIOTECA MUNICIPAL DEL CUSCO |
||
| 082 |
_a930.985 / _bAC185 |
||
| 100 |
_aAcosta Ayerbe, Alejandro _924884 |
||
| 245 |
_aLa crisis actual de América Latina : _batención a la mujer pobre como una estrategia prioritaria de UNICEF / |
||
| 260 |
_aChile : _bUnicef, _c1991. |
||
| 300 |
_a73 páginas ; _c23 cm. |
||
| 505 | _aLa crisis económica en América Latina -- Factores estructurales y la actual crisis de América Latina -- La situación de la mujer y la actual recesión ... | ||
| 650 |
_aEconomía de América Latina. _924885 |
||
| 650 |
_aProblema financiero. _924886 |
||
| 650 |
_aSituacipon de la mujer. _924887 |
||
| 942 |
_2ddc _cLIBROS |
||
| 945 | _awfj | ||